| 000 | 00739nam a2200241Ia 4500 | ||
|---|---|---|---|
| 008 | 191130s1988##################000#0#eng## | ||
| 020 | _a9780824777852 | ||
| 022 | _a87017619 | ||
| 040 |
_aACL _cACL |
||
| 082 | _a301.0723 CHA | ||
| 100 | _aChaudhuri, Arijit | ||
| 245 |
_aRandomized response : theory and techniques _cArijit Chaudhuri, Rahul Mukerjee |
||
| 260 |
_aNew York _bMarcel Dekker _c1988 |
||
| 300 | _axvi, 162 p. : ill. ; 24 cm | ||
| 500 | _aIncludes bibliographical references and index | ||
| 650 | _aSampling (Statistics) | ||
| 650 | _aSocial surveys | ||
| 650 | _aSocial surveys - Response rate | ||
| 700 | _aMukerjee, Rahul | ||
| 990 | _afb7497e7ac10000c1115ffefcb13cb3b | ||
| 991 | _a257049 | ||
| 999 |
_c49992 _d49992 |
||